000 00676cam a22002295a 4500
001 L146642
002 17770
008 090210s2008 xxk f 000 0 eng d
020 _a9781905926046
035 _a(Sirsi) u146642
041 0 _aeng
050 0 4 _a347.4109 $2 18
100 1 _aPamplin, Chris
245 0 0 _aGetting started as an expert witness
260 _aNewmarket
_bJ S Publications
_c2008
350 _a35
520 _aOffers guidance in starting an expert witness business, including getting instructions and building your business.
651 4 _aEngland and Wales
_y1543-
690 _aDispute resolution
_96236
700 1 _aWhite, Susanne
942 _n0
999 _c109248
_d109248